00452 2200181 4500001002100000005001500021008004100036035002000077082000800097084001400105100001400119245005900133250000600192260003400198300001200232650001400244990001200258INLIS00000000000024520240503072730240503 0 ind  a0010-0424000221 a900 a900 HER m aHerimanto1 aMengenal Bangunan Bersejarah di Indonesia /cHerimanto a1 aSolo :bTiga Serangkai,c2008 a106 hlm 4aNon Fiksi a0732409